00348nam a2200157Ia 4500008004100000041000800041100001100049245002100060260003100081300000800112365001300120500000900133520001900142650001000161999001900171230605s2007 xx 000 0 und d aeng aDomine aCulinaria France bKonemann Pub Bonner c2007 a468 b1107h18 a1855 aReference Copy aF. P. c418845d418845